| 000 -ლიდერი |
| ფიქსირებული სიგრძის საკონტროლო ველი |
01035nam a2200241Ia 4500 |
| 001 - საკონტროლო ნომერი |
| საკონტროლო ველი |
2470 |
| 003 - საკონტროლო ნომრის იდენტიფიკატორი |
| საკონტროლო ველი |
GE_BSU |
| 005 - ბოლო ოპერაციის თარიღი და დრო |
| საკონტროლო ველი |
20210408115956.0 |
| 008 - ფიქსირებული სიგრძის მონაცემთა ელემენტები - ზოგადი ინფორმაცია |
| ფიქსირებული სიგრძის საკონტროლო ველი |
181216s2003||||ge |||||||||||||| ||geo|| |
| 020 ## - წიგნის საერთაშორისო სტანდარტული ნომერი |
| International Standard Book Number |
9994072285 |
| 041 ## - ენის კოდი |
| Language code of text/sound track or separate title |
geo |
| 080 ## - უნივერსალური ათობითი კლასიფიკაციის ინდექსი |
| Universal Decimal Classification number |
070(075.8)+316.77 |
| 100 ## - მთავარი ჩანაწერი - პიროვნების სახელი |
| Personal name |
სურგულაძე,რ |
| 9 (RLIN) |
11178 |
| 245 ## - ცნობა სათაურის შესახებ |
| Title |
მასობრივი კომუნიკაცია: |
| Remainder of title |
თეორიის საკითხები / |
| Statement of responsibility, etc |
რ.სურგულაძე, ე. იბერი [რედ. რევაზ ჯორბენაძე] |
| 264 ## - წარმოების, გამოცემის, დისტრიბუციის და სხვა ცნობები |
| გამოცემის, წარმოების, დისტრიბუციის... ადგილი |
თბილისი, |
| გამოცემის, წარმოების, დისტრიბუციის... თარიღი |
2003. |
| 300 ## - ფიზიკური აღწერა |
| Extent |
300გვ. ; |
| Other physical details |
20 სმ. |
| 504 ## - BIBLIOGRAPHY, ETC. NOTE |
| Bibliography, etc |
ბიბლიოგრ.: გვ. 295. |
| 653 ## - INDEX TERM--UNCONTROLLED |
| Uncontrolled term |
მასობრივი კომუნიკაცია : თეორიის საკითხები |
| 653 ## - INDEX TERM--UNCONTROLLED |
| Uncontrolled term |
ჟურნალისტიკა |
| 700 ## - ADDED ENTRY--PERSONAL NAME |
| Personal name |
იბერი,ე |
| 9 (RLIN) |
11179 |
| 700 ## - ADDED ENTRY--PERSONAL NAME |
| Personal name |
ჯორბენაძე, რ |
| Relator term |
რედაქტორი |
| 9 (RLIN) |
11180 |
| 942 ## - ADDED ENTRY ELEMENTS (KOHA) |
| Koha item type |
წიგნი |
| Source of classification or shelving scheme |
|